Capitales de África por código IATA - Estadísticas

Estadísticas generales
  • Esta prueba ha sido intentada 82 veces
  • La puntuación promedio es 24 de 51
Estadísticas de respuestas
Código IATA Capital % Correcto
DKR Dakar
94%
TUN Túnez
91%
ALG Argel
89%
CAI El Cairo
83%
KGL Kigali
79%
NBO Nairobi
79%
RBA Rabat
79%
BJL Banjul
77%
MPM Maputo
77%
HRE Harare
74%
ACC Acra
72%
ADD Adis Abeba
72%
ASM Asmara
72%
BKO Bamako
72%
DOD Dodoma
72%
WDH Windhoek
70%
CKY Conakri
68%
ABV Abuya
66%
BZV Brazzaville
66%
TIP Trípoli
57%
GBE Gaborone
55%
MSU Maseru
55%
OUA Uagadugú
53%
YAO Yaundé
53%
NKC Nuakchot
51%
NIM Niamey
47%
MGQ Mogadiscio
45%
CPT Ciudad del Cabo
40%
JUB Yuba
40%
BGF Bangui
38%
LBV Libreville
38%
LUN Lusaka
38%
LLW Lilongüe
36%
LAD Luanda
36%
KRT Jartum
34%
FNA Freetown
30%
NDJ Yamena
30%
GID Gitega
26%
JIB Yibuti
23%
RAI Praia
21%
SEZ Victoria
21%
MRU Port Louis
19%
TNR Antananarivo
11%
OXB Bissau
9%
LFW Lomé
9%
TMS Santo Tomé
9%
YVA Moroni
6%
EBB Kampala
4%
ASK Yamusukro
4%
FIH Kinshasa
2%
SSG Malabo
2%
No se encontraron pruebas coincidentes
Distribución de puntuación
Porcentaje de gente con cada puntuación
Porcentaje por número respondido
Historial de tus puntuaciones
No has intentado esta prueba.